Shortest Country Names with Repeated Letters - Statistics

General Stats
  • This quiz has been taken 403 times
  • The average score is 8 of 13
Answer Stats
Country % Correct
Fiji
79%
Togo
76%
Japan
70%
Yemen
63%
Ghana
61%
Samoa
58%
India
57%
Malta
56%
Nauru
55%
Palau
54%
Benin
53%
Qatar
53%
Haiti
49%
No matching quizzes found
Score Distribution
Percent of People with Each Score
Percentile by Number Answered
Your Score History
You have not taken this quiz